La colina del buey
Tallennettuna:
| Päätekijä: | |
|---|---|
| Aineistotyyppi: | Kirja |
| Kieli: | Undetermined |
| Julkaistu: |
México, Distrito Federal
Novaro
1972
|
| Aiheet: | |
| Tagit: |
Lisää tagi
Ei tageja, Lisää ensimmäinen tagi!
|
MARC
| LEADER | 00000nam a2200000Ia 4500 | ||
|---|---|---|---|
| 008 | 170316s9999 xx 000 0 und d | ||
| 040 | |a cru BVZT | ||
| 090 | |a 868 L-6c | ||
| 100 | |a León Sánchez, José | ||
| 245 | |a La colina del buey | ||
| 260 | |a México, Distrito Federal | ||
| 260 | |b Novaro | ||
| 260 | |c 1972 | ||
| 300 | |a 210 páginas | ||
| 650 | |a LITERATURA COSTARRICENSE | ||
| 650 | |a NOVELA | ||
| 942 | |c 4 D | ||
| 999 | |c 11262 |d 11262 | ||
